000 00643nam a22002417a 4500
003 UA-OsUOA
001 126147
007 ta
008 20171009b un ||||| |||| 00| 0 ukr d
100 _aКаннинг В.
090 _a821.161.1
_bК19
942 _cBK
040 _aUA-OsUOA
_brus
_cUA-OsUOA
_dUA-OsUOA
245 _aНа языке пламени
_bроманы
300 _a441 с.
955 _a3
041 _arus
080 _a821.161.1
020 _a5-235-01986-5
260 _aМ.
_bМолодая гвардия
_c1991
650 7 _a82 Література. Літературознавство
_2UDC
999 _c413384
_d413384